| 000 | 00532nam a2200181Ia 4500 | ||
|---|---|---|---|
| 008 | 240925s9999 xx 000 0 und d | ||
| 020 | _a8126502789 | ||
| 082 | _a004.68 MIK | ||
| 100 | _aMikalsen, Arne | ||
| 245 | 0 | _aLocal Area Networks: management design and security a practical approach | |
| 250 | _aNA | ||
| 260 |
_aNew Delhi: _bNewWiley -dreamtech Press _c,2002. |
||
| 300 |
_a852p. _bNA _fPhotocopy |
||
| 500 | _aNA | ||
| 600 | _aComputer Science | ||
| 650 | _aComputer science, information & general works | ||
| 942 | _cBK | ||
| 999 |
_c7921 _d7921 |
||